Повести и рассказы; Перевал; Танька; Кастрюк; В поле; Антоновские яблоки; Деревня; Суходол; Хорошая жизнь; Сверчок; Веселый двор; Захар Воробьев; Князь во князьях; Последнее свидание; Личарда; Последний день; Худая трава; Чаша жизни; Грамматика любви; Господин из Сан-Франциско; Легкое дыхание; Казимир Станиславович; Сны Чанга; Далекое; Митина любовь; Солнечный удар; Ида; Дело корнета Елагина; В Саду; Темные аллеи; Кавказ; Поздний час; Руся; Волки; Визитные карточки; В Париже; Натали; Холодная осень; Ворон; Чистый понедельник; Качели

Podrobná bibliografie
Hlavní autor: Бунин И. А. Иван Алексеевич
Jazyk:ruština
Vydáno: Ленинград, Лениздат, 1985
TOC:Перевал; Танька; Кастрюк; В поле; Антоновские яблоки; Деревня; Суходол; Хорошая жизнь; Сверчок; Веселый двор; Захар Воробьев; Князь во князьях; Последнее свидание; Личарда; Последний день; Худая трава; Чаша жизни; Грамматика любви; Господин из Сан-Франциско; Легкое дыхание; Казимир Станиславович; Сны Чанга; Далекое; Митина любовь; Солнечный удар; Ида; Дело корнета Елагина; В Саду;
Темные аллеи; Кавказ; Поздний час; Руся; Волки; Визитные карточки; В Париже; Натали; Холодная осень; Ворон; Чистый понедельник; Качели;
Témata:
Médium: Kniha
KOHA link:https://koha.lib.tpu.ru/cgi-bin/koha/opac-detail.pl?biblionumber=85788

MARC

LEADER 00000nam0a2200000 4500
001 85788
005 20231101213435.0
035 |a (RuTPU)RU\TPU\book\92164 
035 |a RU\TPU\book\90077 
090 |a 85788 
100 |a 20051117d1985 m y0rusy50 ca 
101 0 |a rus 
102 |a RU 
105 |a y z 000ay 
200 1 |a Повести и рассказы  |f И. А. Бунин 
210 |a Ленинград  |c Лениздат  |d 1985 
215 |a 639 с. 
464 |t Перевал; Танька; Кастрюк; В поле; Антоновские яблоки; Деревня; Суходол; Хорошая жизнь; Сверчок; Веселый двор; Захар Воробьев; Князь во князьях; Последнее свидание; Личарда; Последний день; Худая трава; Чаша жизни; Грамматика любви; Господин из Сан-Франциско; Легкое дыхание; Казимир Станиславович; Сны Чанга; Далекое; Митина любовь; Солнечный удар; Ида; Дело корнета Елагина; В Саду  |o рассказы 
464 |t Темные аллеи; Кавказ; Поздний час; Руся; Волки; Визитные карточки; В Париже; Натали; Холодная осень; Ворон; Чистый понедельник; Качели  |o повести 
610 1 |a русская литература 
610 1 |a проза 
610 1 |a рассказы 
610 1 |a повести 
675 |a Р1  |v 3 
700 1 |a Бунин  |b И. А.  |c русский писатель  |c нобелевский лауреат (1933)  |f 1870-1953  |g Иван Алексеевич  |2 stltpush  |3 (RuTPU)RU\TPU\pers\99  |9 59 
801 1 |a RU  |b 63413507  |c 20050425  |g PSBO 
801 2 |a RU  |b 63413507  |c 20220126  |g PSBO 
942 |c BK